| 000 | 00721nam a22002057a 4500 | ||
|---|---|---|---|
| 003 | OSt | ||
| 005 | 20240722085312.0 | ||
| 008 | 240722b |||||||| |||| 00| 0 eng d | ||
| 020 | _a978-971-550-889-6 | ||
| 040 |
_aDWC- Main Lib _cOC |
||
| 082 | _aFil. 616.89 B573 2018 | ||
| 100 | _aMelgar, Maria Isabel | ||
| 245 |
_aBeyond DSM: casebook in abnormal psychology and mental health/ _cMaria Isabel Melgar |
||
| 260 |
_aQuezon City : _bAteneo de Manila University Press, _cc2018. |
||
| 300 |
_ax , 274 pages : _billustrations ; _c25cm. |
||
| 650 | _a1. Psychology, Pathological - Case Studies | ||
| 650 | _a2. Mental Health - Case Studies | ||
| 650 | _a3. Mental Illness - Classification | ||
| 942 |
_2ddc _cBK - FIL _n1 |
||
| 999 |
_c2558 _d2558 |
||